|
|
|
|
| LEADER |
00000nam a2200000 a 4500 |
| 001 |
vtls010564579 |
| 003 |
SK-MaSNL |
| 005 |
20260426002735.0 |
| 008 |
240314s2013 xo al f 001 0 slo |
| 015 |
|
|
|a SNBA2013/12
|
| 020 |
|
|
|a 9788080786786
|q (brož.)
|
| 035 |
|
|
|a 46C3D6C4-C207-4CAF-AA5D-AB6DBFCBE1CD
|
| 035 |
|
|
|a urn:nbn:sk:snk-amlcvo
|
| 035 |
|
|
|a urn:nbn:sk:snk-am0090aq
|
| 040 |
|
|
|a SNK
|b slo
|c SNK
|e AACR2
|
| 041 |
0 |
|
|a slo
|
| 043 |
|
|
|a e-xo---
|
| 044 |
|
|
|a xo
|c SK
|
| 072 |
|
7 |
|a 35.07
|x Organizácia a riadenie verejnej správy
|2 konspekt
|
| 080 |
|
|
|a 35.078.3
|2 2001
|
| 080 |
|
|
|a 35.078.3:336
|2 2001
|
| 080 |
|
|
|a 353.9
|2 2001
|
| 080 |
|
|
|a 342.537.3/.5
|2 2001
|
| 080 |
|
|
|a (437.6)
|2 2001
|
| 080 |
|
|
|a (035)
|2 2001
|
| 100 |
1 |
|
|a Konečná Veverková, Ingrid
|4 aut
|9 159633
|
| 245 |
1 |
0 |
|a Ekonomické minimum hlavného kontrolóra
|c Ingrid Veverková
|
| 250 |
|
|
|a 1. vyd.
|
| 260 |
|
|
|a Bratislava
|b Iura edition
|c 2013
|
| 300 |
|
|
|a 279 s.
|b tab., vz. dok.
|c 21 cm
|
| 504 |
|
|
|a Bibliogr.: s. 276 ; skrat. ; vec. reg.
|
| 650 |
0 |
7 |
|a kontrolná činnosť
|2 SNKPH
|9 72456
|
| 650 |
0 |
7 |
|a Inspection
|2 SNKPHeng
|9 313575
|
| 650 |
0 |
7 |
|a kontrolné orgány
|2 SNKPH
|9 28860
|
| 650 |
0 |
7 |
|a finančná kontrola
|2 SNKPH
|9 74203
|
| 650 |
0 |
7 |
|a Financial control
|2 SNKPHeng
|9 312805
|
| 650 |
0 |
7 |
|a územná samospráva
|2 SNKPH
|9 802
|
| 650 |
0 |
7 |
|a Regional administration
|2 SNKPHeng
|9 266548
|
| 650 |
0 |
7 |
|a legislatíva
|2 SNKPH
|9 121217
|
| 650 |
0 |
7 |
|a Legislation
|2 SNKPHeng
|9 268421
|
| 651 |
|
7 |
|a Slovensko
|2 SNKPH
|9 14231
|
| 651 |
|
7 |
|a Slovakia
|2 SNKPHeng
|9 92630
|
| 655 |
|
7 |
|a príručky
|2 SNKPH
|9 74364
|
| 655 |
|
7 |
|a Handbooks, manuals, etc.
|2 SNKPHeng
|9 90964
|
| 919 |
|
|
|a 978-80-8078-678-6
|
| 958 |
|
|
|a NB
|
| 999 |
|
|
|c 926191
|d 928121
|
| 952 |
|
|
|a SNK
|b SNK
|y PREZ
|7 0
|p 17A1101428
|o snkSC 157334
|i snk2013/30341
|8 0
|0 0
|1 0
|4 0
|d 2013-12-11
|f 1
|l 0
|r 2025-08-19 00:00:00
|w 2026-02-24
|
| 952 |
|
|
|a SNK
|b SNK
|y VYP
|7 0
|p 17A1101429
|o snkSC 157334 D1
|i snk2013/30343
|8 0
|0 0
|1 0
|4 0
|d 2013-12-11
|l 0
|r 2026-02-24 08:32:15
|w 2026-02-24
|